Letter Frequency in the English Language - Statistics

General Stats
  • This quiz has been taken 46 times
  • The average score is 22 of 26
Answer Stats
Frequency Letter % Correct
12.7% e
100%
8.2% a
98%
7.5% o
98%
9.1% t
98%
7.0% i
95%
6.3% s
95%
6.1% h
93%
6.7% n
93%
6.0% r
93%
4.3% d
83%
1.0% v
83%
0.1% z
83%
1.5% b
80%
2.8% c
80%
2.0% g
80%
0.8% k
80%
4.0% l
80%
2.4% m
80%
1.9% p
80%
0.1% q
80%
2.8% u
80%
2.4% w
80%
0.2% x
80%
2.0% y
80%
2.2% f
78%
0.2% j
78%
No matching quizzes found
Score Distribution
Percent of People with Each Score
Percentile by Number Answered
Your Score History
You have not taken this quiz